| 000 | 00601nam a22001695i 4500 | ||
|---|---|---|---|
| 001 | 164574 | ||
| 003 | ES-MaACL | ||
| 005 | 20240511063040.0 | ||
| 008 | 991123s1887 sp |||| | spa d | ||
| 040 |
_aCCPB | B _bspa _cCCPB | B |
||
| 100 | 1 |
_aSánchez de Toca, Joaquín, _d1852-1942 _9102598 |
|
| 245 | 1 | 3 |
_aLa crisis agraria europea y sus remedios en España / _cpor Joaquín Sánchez de Toca. |
| 260 |
_aMadrid : _b[s.n.], _c1887 ( _ftipografía de Manuel Ginés Hernández) |
||
| 300 |
_aXII, 412 p. ; _c19 cm. |
||
| 852 |
_aES-MaACL _jG-486 _z-- Enc. pasta |
||
| 999 |
_c164574 _d164574 |
||